| 000 | 00364nam a2200133Ia 4500 | ||
|---|---|---|---|
| 008 | 240624s9999 xx 000 0 und d | ||
| 041 | _aeng | ||
| 082 | _a658.4012 KAP | ||
| 100 | _aKAPLAN ROBERT S | ||
| 245 | _aBALANCED SCORECARD TRANSLATING STRATEGY | ||
| 260 |
_c1996 _aBoston _bHarvard Business School Press |
||
| 300 | _axi, , 322 , 23 : p. : cm. | ||
| 365 | _c | ||
| 999 |
_c28834 _d28834 |
||